| 000 | 00903nam a2200289Ia 4500 | ||
|---|---|---|---|
| 008 | 180523s9999 xx 000 0 und d | ||
| 020 | _a0-470-82138-8 | ||
| 050 | _aMAIN HB 615 | ||
| 050 | _b.B68 2005 | ||
| 100 | _aBoulton, Chris. | ||
| 245 | 0 | _aEntrepreneurship / | |
| 245 | 0 | _cChrsi Boulton, Patrick Turner. | |
| 260 | _aSingapore : | ||
| 260 | _bJohn Wiley & Sons, | ||
| 260 | _c2005 | ||
| 300 | _a354 pages : | ||
| 300 | _billustrations ; | ||
| 300 | _c23 cm. | ||
| 440 | _aMastering business in Asia | ||
| 500 | _aIncludes bibliographical references and index. | ||
| 650 | _aEntrepreneurship -- Asia. | ||
| 650 | _aNew business enterprises -- Asia -- Finance. | ||
| 650 | _aSmall business -- Asia -- Finance. | ||
| 650 | _xNew business enterprises -- Asia -- Management. | ||
| 650 | _xNew business enterprises -- Asia. | ||
| 650 | _xSmall business -- Asia -- Management. | ||
| 999 |
_c356783 _d356783 |
||